Statistics for Which Country? #4

Click here to take the quiz!

General Stats

  • This quiz has been taken 39 times
  • The average score is 5 of 10

Answer Stats

QuestionAnswer% Correct
Which country has the longest coastline?Canada
82%
Which country is the largest coal producer?China
82%
Which country does Grigor Dimitrov play for?Bulgaria
79%
Which country has the lowest crime rate?Switzerland
79%
Which country produces the most bananas?India
66%
Which country invented chocolate?Mexico
55%
Which country has the most snakes?Brazil
45%
Which country has the most public holidays?Cambodia
11%
Which country won the olympics 2019?India
0%
Which country has the most volcanoes?United States
0%

Score Distribution

Percentile by Number Answered

Percent of People with Each Score

Your Score History

You have not taken this quiz